000 01390nam0a2200337 4500
001 RU\NLR\bibl\1686313
005 20250616053113.0
010 _a978-5-903281-35-0
_91000
021 _aRU
_b2010-69114
_94553
035 _a(NLR Aleph) 001677479
090 _a1080147
_c1080147
100 _a20101014d2010 |||y0rusy50 ca
101 0 _arus
102 _aRU
105 _ay |||||||||
200 1 _aСимволическая деятельность и ее субъект
_eмонография
_fИ.В. Настин
_gИн-т междунар. социал.-гуманит. связей
210 _aМосква
_cИнститут международных социально-гуманитарных связей
_d2010
215 _a279 с.
_d21
300 _aНа 4-й с. обл. авт.: Настин И.В., преп.
320 _aБиблиогр.: с. 275-279 (91 назв.) и в подстроч. примеч.
320 _aДр. произведения авт. на 4-й с. обл.
606 1 _aСимволическая деятельность
_92608064
_3RU\NLR\auth\661544622
686 _aЮ212.26
686 _aЮ224.23
700 1 _aНастин
_bИ. В.
_gИгорь Владимирович
_4070
801 0 _aRU
_bNLR
_c20101014
_gRCR
801 1 _aRU
_bNLR
_c20101014
830 _aавт. по кн.
942 _cBOOK
980 _aNB